[Event "ch-POL"]
[Site "Warsaw POL"]
[Date "2011.02.12"]
[Round "1"]
[White "Tazbir,M"]
[Black "Socko,B"]
[Result "1/2-1/2"]
[WhiteElo "2527"]
[BlackElo "2660"]

1.e4 e6 2.d4 d5 3.Nc3 Nf6 4.e5 Nfd7 5.Nce2 c5 6.c3 Nc6 7.Nf3 Qa5 8.Bd2 Qb6
9.Qb3 Qxb3 10.axb3 f6 11.Nf4 Kf7 12.exf6 gxf6 13.Bb5 cxd4 14.Nxd4 Nxd4 15.cxd4 Bd6
16.O-O Nf8 17.Rfe1 a6 18.Be2 Ng6 19.Bh5 Bd7 20.Nd3 Rhc8 21.Bc3 Ke7 22.g3 Bb5
23.Bg4 Nf8 24.Nf4 Bxf4 25.gxf4 Kf7 26.f5 exf5 27.Bxf5 Re8 28.Rxe8 Rxe8 29.Re1 Rxe1+
30.Bxe1 Bd7 31.Bc2 Ne6 32.Bc3 Nf4 33.Kf1 Bb5+ 34.Ke1 Bd3 35.Bd1 Ke6 36.Kd2 Be4
37.Bg4+ Bf5 38.Bf3 Be4 39.Bg4+ Bf5 40.Bf3 Be4 41.Bg4+  1/2-1/2

[Event "G-TEAM Open"]
[Site "Novy Bor CZE"]
[Date "2011.02.14"]
[Round "3"]
[White "Wieczorek,O"]
[Black "Navratil,Ji1"]
[Result "1-0"]
[WhiteElo "2330"]
[BlackElo "2120"]

1.e4 e6 2.d4 d5 3.Nc3 Nf6 4.e5 Nfd7 5.f4 c5 6.Nf3 Nc6 7.Be3 a6 8.Qd2 cxd4
9.Nxd4 Nxd4 10.Bxd4 Bc5 11.O-O-O Bxd4 12.Qxd4 Qb6 13.Qd2 Qc7 14.Bd3 Nc5 15.Kb1 Bd7
16.Qe3 Nxd3 17.cxd3 b5 18.Ne2 Qa7 19.Qxa7 Rxa7 20.Rc1 Ke7 21.Nd4 Rb8 22.Rc5 Rb6
23.Rhc1 Kd8 24.Kc2 a5 25.Kd2 h5 26.Ke3 g6 27.g3 Raa6 28.Rc7 a4 29.Nf3 Rc6
30.R1xc6 Bxc6 31.Rxf7 Be8 32.Rg7 Rc6 33.Nd4  1-0

[Event "16th Lienz-Open 2011"]
[Site "Lienz AUT"]
[Date "2011.02.16"]
[Round "6"]
[White "Weinwurm,W"]
[Black "Testor,S"]
[Result "0-1"]
[WhiteElo "2201"]
[BlackElo "2365"]

1.e4 e6 2.d4 d5 3.Nc3 Nf6 4.e5 Nfd7 5.f4 c5 6.Nf3 Nc6 7.Be3 Be7 8.Qd2 O-O
9.dxc5 Bxc5 10.O-O-O Qa5 11.Bxc5 Nxc5 12.Kb1 Bd7 13.h4 Rac8 14.h5 Rc7 15.h6 g6
16.a3 a6 17.Qe1 Na4 18.Nxa4 Qxa4 19.Bd3 f5 20.exf6 Qxf4 21.Nh4 Rxf6 22.Rf1 Qg5
23.Rxf6 Qxf6 24.Qg3 Qe5 25.Qf2 Be8 26.Re1 Rf7 27.Nf3 Qd6 28.Qh4 e5 29.Ng5 Rf4
30.Qh3 Bd7 31.Qe3 e4 32.g3 Rg4 33.Bxe4 Rxg5 34.Qxg5 dxe4 35.Kc1 Qe5 36.Qh4 g5
37.Qh1 Bf5 38.g4 Qf4+ 39.Kb1 Qxg4 40.Rg1 Qf4 41.Qh5 Bg6 42.Rxg5 Ne5 43.Rg1 Qf1+
44.Rxf1 Bxh5 45.Rf5 Nf3  0-1

[Event "16th Lienz-Open 2011"]
[Site "Lienz AUT"]
[Date "2011.02.17"]
[Round "7"]
[White "Lanka,Z"]
[Black "Kelecevic,N"]
[Result "0-1"]
[WhiteElo "2468"]
[BlackElo "2281"]

1.e4 e6 2.d4 d5 3.Nc3 Nf6 4.e5 Nfd7 5.Nce2 c5 6.f4 Nc6 7.Nf3 a6 8.c3 b5 9.a3 f5
10.Be3 c4 11.h3 Nb6 12.g4 g6 13.gxf5 gxf5 14.Ng3 Kd7 15.Ng5 Qe7 16.Nh5 Kc7
17.Bf2 h6 18.Nf3 Qf7 19.Nh4 Be7 20.Ng2 Bb7 21.Be2 Rag8 22.Ne3 Bc8 23.b3 cxb3
24.Qxb3 Bd7 25.Qd1 Na5 26.Kf1 Bc6 27.Nc2 Na4 28.Qe1 Nc4 29.Nb4 Bb7 30.Nd3 Nxa3
31.Bd1 Nc4 32.Bf3 Kb8 33.Ke2 Rc8 34.Rxa4 bxa4 35.Qa1 a3 36.Nf6 Bxf6 37.exf6 Qxf6
38.Rb1 Rh7 39.Rb4 a5 40.Rb5 Ka8 41.Nc5 Bc6 42.Rb3 Rb8 43.Rxb8+ Kxb8 44.Qe1 Ka7
45.Bh4 Qg6 46.Kf2 Rg7 47.Nb3 Rb7  0-1

[Event "16th Lienz-Open 2011"]
[Site "Lienz AUT"]
[Date "2011.02.17"]
[Round "7"]
[White "Gaponenko,I"]
[Black "Sadilek,P"]
[Result "0-1"]
[WhiteElo "2466"]
[BlackElo "2176"]

1.e4 e6 2.d4 d5 3.Nc3 Nf6 4.e5 Nfd7 5.f4 c5 6.Nf3 Nc6 7.Be3 Qb6 8.Na4 Qa5+
9.c3 b6 10.Bd2 c4 11.b4 Nxb4 12.cxb4 Bxb4 13.Qc2 Bxd2+ 14.Nxd2 b5 15.Nc3 b4
16.Nd1 Qb6 17.Nf3 O-O 18.Be2 f6 19.Qd2 a5 20.O-O f5 21.Rb1 Nb8 22.Ne3 Nc6
23.Kh1 Bd7 24.Bxc4 dxc4 25.d5 Ne7 26.d6 Nc6 27.Nxc4 Qa6 28.Rfc1 Rfc8 29.Qe3 Rab8
30.Nb2 Nd8 31.Nd3 Bc6 32.a3 b3 33.h3 a4 34.Nb4 Rxb4 35.axb4 Be4 36.Rb2 Qd3
37.Rxc8 Qxe3 38.Rxd8+ Kf7 39.Ng5+ Kg6 40.Rc8 a3 41.Rxb3 Qxb3 42.d7 Qd1+  0-1

[Event "IV Open A"]
[Site "Gora Swietej Anny POL"]
[Date "2011.02.18"]
[Round "8.14"]
[White "Ratajczyk,R"]
[Black "Smal,Tobiasz"]
[Result "0-1"]
[WhiteElo "1932"]
[BlackElo "1662"]

1.e4 e6 2.d4 d5 3.Nc3 Nf6 4.e5 Nfd7 5.Nf3 c5 6.dxc5 Nc6 7.Bf4 Bxc5 8.Bd3 Qb6
9.O-O Qxb2 10.Nb5 Kd8 11.Bd2 a6 12.Bc3 Qxa1 13.Qxa1 axb5 14.Bxb5 Ke7 15.Qc1 h6
16.a4 Na7 17.Bd3 Nc6 18.Bb5 Na7 19.Qb2 b6 20.Nd4 Bb7 21.Kh1 Rhc8 22.Bd3 Nc6
23.Nxc6+ Bxc6 24.Bb5 Bxb5 25.axb5 Ba3 26.Bb4+ Bxb4 27.Qxb4+ Rc5 28.f4 Ra5
29.Qb3 Raxb5 30.Qg3 g6 31.Qh4+ Ke8 32.Ra1 Ra5 33.Rxa5 bxa5 34.Qxh6 Rxc2 35.Qh8+ Nf8
36.Kg1 a4 37.Qh3 Rc4 38.Qe3 Nd7 39.g3 Nc5 40.Qa3 Ne4 41.Qb2 Kf8 42.g4 Kg7
43.f5 Ng5 44.f6+ Kh6 45.Qg2 Rc1+  0-1

[Event "ch-ROU Men"]
[Site "Sarata Monteoru ROU"]
[Date "2011.02.18"]
[Round "9.31"]
[White "Doros,R"]
[Black "Radulescu,G"]
[Result "1-0"]
[WhiteElo "2348"]
[BlackElo "1933"]

1.e4 e6 2.d4 d5 3.Nc3 Nf6 4.e5 Nfd7 5.f4 c5 6.Nf3 Nc6 7.Be3 b6 8.Be2 Bb7
9.O-O h6 10.Kh1 Be7 11.Qe1 a6 12.Rd1 Qc7 13.Na4 O-O 14.Qf2 cxd4 15.Nxd4 Nxd4
16.Bxd4 Nc5 17.Nc3 f5 18.b4 Nd7 19.Na4 Kh8 20.c3 Rg8 21.Nxb6 g5 22.Nxd7 Qxd7
23.b5 a5 24.Rb1 g4 25.Qe3 h5 26.b6 h4 27.Rb5 h3 28.g3 Rac8 29.Rxa5 Rc4 30.Kg1 Rgc8
31.Kf2 Qc6 32.Rd1 Bd8 33.Rb1 Be7 34.Rb2 Bf8 35.Ra7 Be7 36.a4 Rxa4 37.Bb5  1-0

[Event "TCh-CAT Div Hon"]
[Site "Barcelona ESP"]
[Date "2011.02.19"]
[Round "4.1"]
[White "Quesada Perez,Yu"]
[Black "Alvarez Pedraza,A"]
[Result "0-1"]
[WhiteElo "2620"]
[BlackElo "2515"]

1.e4 e6 2.d4 d5 3.Nc3 Nf6 4.e5 Nfd7 5.f4 c5 6.Nf3 Nc6 7.Be3 Be7 8.Qd2 O-O
9.Be2 b6 10.O-O f5 11.exf6 Nxf6 12.Kh1 Qc7 13.Nb5 Qd8 14.Rad1 c4 15.a3 Ne4
16.Qe1 Bd7 17.Nc3 Nxc3 18.Qxc3 Be8 19.Ne5 Nxe5 20.dxe5 Bg6 21.Bg4 Qd7 22.Qxc4 Rac8
23.Qa2 h5 24.Bh3 Be4 25.c4 g5 26.fxg5 Rxf1+ 27.Rxf1 Rxc4 28.Qa1 Bg6 29.Qd1 Re4
30.Bf4 Kg7 31.g3 Qb5 32.Rf2 Bc5 33.Bf1 Qc6 34.Re2 h4 35.Rc2 d4 36.Bg2 h3
37.Bf3 Re1+  0-1

[Event "TCh-SVK Extraliga 2010-11"]
[Site "Slovakia SVK"]
[Date "2011.02.19"]
[Round "5.2"]
[White "Bunda,V"]
[Black "Lipka,J"]
[Result "0-1"]
[WhiteElo "2407"]
[BlackElo "2414"]

1.e4 e6 2.d4 d5 3.Nc3 Nf6 4.e5 Nfd7 5.f4 c5 6.Nf3 Nc6 7.Be3 Qb6 8.Na4 Qa5+
9.c3 b6 10.Bd2 c4 11.b4 Qa6 12.g3 b5 13.Nc5 Nxc5 14.dxc5 Qa3 15.Rb1 a5 16.bxa5 Rxa5
17.Nd4 Qxc5 18.Qc2 Be7 19.Qb2 Bd7 20.Nxb5 O-O 21.Nd4 Rfa8 22.Ra1 Rb8 23.Qc2 Nxd4
24.cxd4 Qxd4 25.Rc1 Rb2  0-1

[Event "Elitzur Winter GM"]
[Site "Petach Tikva ISR"]
[Date "2011.02.23"]
[Round "1"]
[White "Baron,Ta"]
[Black "Battaglini,G"]
[Result "1-0"]
[WhiteElo "2468"]
[BlackElo "2413"]

1.e4 e6 2.d4 d5 3.Nc3 Nf6 4.e5 Nfd7 5.f4 c5 6.Nf3 Nc6 7.Be3 Qb6 8.Na4 Qa5+
9.c3 cxd4 10.b4 Nxb4 11.cxb4 Bxb4+ 12.Bd2 Bxd2+ 13.Nxd2 O-O 14.Bd3 b5 15.Nb2 Nb6
16.O-O Nc4 17.Bxh7+ Kxh7 18.Qh5+ Kg8 19.Nf3 f6 20.exf6 Qc7 21.fxg7 Qxg7 22.Nd3 Bd7
23.Rae1 Rae8 24.Nde5 Ne3 25.Rf2 Nf5 26.Rd2 Rc8 27.Nxd7 Qxd7 28.Qg6+ Kh8 29.Ng5 Rc6
30.Rxe6 Rxe6 31.Nxe6 Qe8 32.Qxe8 Rxe8 33.Nxd4 Nxd4 34.Rxd4 Re1+ 35.Kf2 Ra1
36.Rd2 a5 37.Ke3 a4 38.Kd4 b4 39.Kxd5 a3 40.Ke4 Rb1 41.g4 Rb2 42.Rd4 Rxa2
43.Rxb4 Rb2 44.Ra4 a2 45.Kf5 Kg7 46.Ra7+ Kg8 47.h4 Rh2 48.Kg6 Kf8 49.h5  1-0

[Event "e2e4.org.uk Brighton Challengers D"]
[Site "Brighton ENG"]
[Date "2011.02.24"]
[Round "3"]
[White "Compton,A"]
[Black "Levesque,T"]
[Result "1-0"]
[WhiteElo "2046"]
[BlackElo "2014"]

1.e4 e6 2.d4 d5 3.Nc3 Nf6 4.e5 Nfd7 5.f4 a6 6.Nf3 c5 7.Be3 Nc6 8.Qd2 b5 9.a3 c4
10.g4 g6 11.Bg2 Be7 12.f5 Bh4+ 13.Bf2 Bxf2+ 14.Qxf2 Nb6 15.fxg6 hxg6 16.h4 Qe7
17.Ng5 Nd8 18.Qf4 Kd7 19.h5 gxh5 20.Rxh5 Rxh5 21.gxh5 Nc6 22.O-O-O Bb7 23.Qxf7 Rh8
24.Qg6 Nd8 25.Rf1 Bc6 26.Bh3 Qe8 27.Qg7+ Kc8 28.Bxe6+ Nxe6 29.Nxe6 Bd7 30.Qxh8 Qxh8
31.Rf8+ Qxf8 32.Nxf8  1-0

[Event "3rd Metro Chess FIDE Invitational"]
[Site "Los Angeles USA"]
[Date "2011.02.24"]
[Round "2"]
[White "Stopa,Ja"]
[Black "Kavutskiy,K"]
[Result "1-0"]
[WhiteElo "2451"]
[BlackElo "2170"]

1.e4 e6 2.d4 d5 3.Nc3 Nf6 4.e5 Nfd7 5.Nce2 c5 6.c3 Nc6 7.Nf3 cxd4 8.cxd4 f6
9.Nf4 Bb4+ 10.Bd2 Qe7 11.Bxb4 Qxb4+ 12.Qd2 Qxd2+ 13.Kxd2 Kf7 14.exf6 gxf6
15.Bb5 Nb6 16.b3 Bd7 17.Bxc6 Bxc6 18.Rhe1 Rhe8 19.g4 Nd7 20.Rac1 e5 21.Nh5 exd4
22.Rxe8 Rxe8 23.Nxd4 Ne5 24.h3 Rc8 25.f4 Ng6 26.Nf5 Rc7 27.Nd6+ Ke7 28.Nb5 Rc8
29.Nxa7 Ra8 30.Nxc6+ bxc6 31.a4 Kd6 32.f5 Ne5 33.Nxf6 d4 34.Nxh7 Re8 35.Ng5  1-0

[Event "e2e4.org.uk Brighton Challengers D"]
[Site "Brighton ENG"]
[Date "2011.02.25"]
[Round "4"]
[White "Compton,A"]
[Black "Gibbs,Do"]
[Result "1-0"]
[WhiteElo "2046"]
[BlackElo "1969"]

1.e4 e6 2.d4 d5 3.Nc3 Nf6 4.e5 Nfd7 5.f4 c5 6.Nf3 Nc6 7.Be3 cxd4 8.Nxd4 Bc5
9.Qd2 O-O 10.O-O-O a6 11.Qf2 Nxd4 12.Bxd4 Qc7 13.Bd3 Bxd4 14.Qxd4 Qc5 15.Ne2 b5
16.Rhe1 Qxd4 17.Nxd4 Nc5 18.g4 b4 19.h4 a5 20.f5 Ba6 21.f6 Bxd3 22.cxd3 gxf6
23.exf6 Rfc8 24.Kd2 a4 25.g5 Nb7 26.Rc1 Na5 27.h5 Kf8 28.Rh1 a3 29.Rxc8+ Rxc8
30.bxa3 bxa3 31.g6 h6 32.Rb1 Kg8 33.Rb5 Ra8 34.Rc5 e5 35.Nf5 fxg6 36.hxg6 Nb3+
37.axb3 a2 38.Nxh6+ Kh8 39.Rc7  1-0

[Event "9th TCh-IND w 2011"]
[Site "Kochi IND"]
[Date "2011.02.25"]
[Round "4"]
[White "Harini,S"]
[Black "Meghna,C"]
[Result "1/2-1/2"]
[WhiteElo "2063"]
[BlackElo "1754"]

1.e4 e6 2.d4 d5 3.Nc3 Nf6 4.e5 Nfd7 5.f4 a6 6.Nf3 c5 7.Be3 Nc6 8.Qd2 b5 9.a3 Qb6
10.dxc5 Bxc5 11.Bxc5 Nxc5 12.Nd4 Bd7 13.Be2 Rc8 14.Bf3 O-O 15.Nxc6 Rxc6 16.Ne2 Rfc8
17.Nd4 R6c7 18.h4 Na4 19.b3 Nc3 20.h5 h6 21.g4 Ne4 22.Bxe4 dxe4 23.Rh3 Rxc2
24.Nxc2 Qg1+ 25.Ke2 Qg2+ 26.Kd1 Qxh3 27.Qxd7 Qxg4+ 28.Kc1 Qxf4+ 29.Qd2 e3
30.Qe2 Rd8 31.Qxe3 Qxe3+ 32.Nxe3 Rd3 33.Nc2 Rxb3 34.Nb4 a5 35.Kc2 Rh3 36.Nc6 Rxh5
37.Re1 Rh4 38.Nxa5 Ra4 39.Nb7 Rxa3 40.Rb1 g5 41.Nd6 Rf3 42.Kd2 Kg7  1/2-1/2

[Event "27th Open"]
[Site "Cappelle la Grande FRA"]
[Date "2011.03.02"]
[Round "6.21"]
[White "Solodovnichenko,Y"]
[Black "Vernay,C"]
[Result "1-0"]
[WhiteElo "2577"]
[BlackElo "2446"]

1.e4 e6 2.d4 d5 3.Nc3 Nf6 4.e5 Nfd7 5.f4 c5 6.Nf3 Nc6 7.Be3 Rb8 8.Be2 Be7
9.O-O O-O 10.Qd2 a6 11.Nd1 b5 12.Nf2 Qc7 13.a3 Bb7 14.Rad1 Rbc8 15.c3 Na5
16.Bd3 Nc4 17.Qe2 Qb6 18.dxc5 Nxc5 19.Bd4 Qc6 20.Ng5 h6 21.Bh7+ Kh8 22.Bb1 g6
23.Nf3 Nb3 24.h4 Rg8 25.h5 Rg7 26.Ng4 Nxd4 27.Nxd4 Qb6 28.hxg6 fxg6 29.Nxh6 b4
30.axb4 a5 31.Rf3 Rh7 32.Rh3 Kg7 33.Qg4  1-0

[Event "27th Open"]
[Site "Cappelle la Grande FRA"]
[Date "2011.03.02"]
[Round "6.61"]
[White "Meng,R"]
[Black "Benitah,Y"]
[Result "1/2-1/2"]
[WhiteElo "2132"]
[BlackElo "2389"]

1.e4 e6 2.d4 d5 3.Nc3 Nf6 4.e5 Nfd7 5.f4 c5 6.Nf3 Qb6 7.Na4 Qa5+ 8.c3 c4
9.b4 Qb5 10.Nb2 Nc6 11.g3 Qb6 12.a4 Be7 13.Bg2 Nf8 14.O-O Bd7 15.Be3 a5 16.b5 Na7
17.Nd2 g6 18.Qe2 Qc7 19.Rfb1 Nc8 20.Bf3 Nb6 21.Rf1 O-O-O 22.Bg2 h6 23.g4 Nh7
24.Nf3 Rdg8 25.g5 h5 26.Rfb1 Nf8 27.h4 Be8 28.Qc2 Nfd7 29.Bh3 Kb8 30.Bc1 Nc8  1/2-1/2

[Event "ch-Southern FR Men"]
[Site "Armavir RUS"]
[Date "2011.03.13"]
[Round "2"]
[White "Gochelashvili,D"]
[Black "Baraeva,I"]
[Result "1-0"]
[WhiteElo "2431"]
[BlackElo "2176"]

1.e4 e6 2.d4 d5 3.Nc3 Nf6 4.e5 Nfd7 5.f4 c5 6.Nf3 Nc6 7.Be3 a6 8.Qd2 b5 9.dxc5 Bxc5
10.Bxc5 Nxc5 11.Bd3 O-O 12.O-O f5 13.exf6 Qxf6 14.Ne5 Bb7 15.Rae1 Nxe5 16.Rxe5 Rae8
17.Qe3 Nd7 18.Qh3 h6 19.Re3 Qd4 20.Ne2 Qxb2 21.Bg6 Re7 22.Rxe6 Qb4 23.Qe3 Rff7
24.Bxf7+ Rxf7 25.Re8+ Nf8 26.Nd4 Qc5 27.f5 Kh7 28.f6 Qc4 29.Re7  1-0

[Event "ch-PriFO A"]
[Site "Tolyatti RUS"]
[Date "2011.03.14"]
[Round "5.2"]
[White "Kokarev,Dm"]
[Black "Alavkin,A"]
[Result "1-0"]
[WhiteElo "2576"]
[BlackElo "2409"]

1.e4 e6 2.d4 d5 3.Nc3 Nf6 4.e5 Nfd7 5.f4 c5 6.Nf3 Nc6 7.Be3 Be7 8.Qd2 O-O
9.Be2 b6 10.O-O f6 11.exf6 Nxf6 12.Kh1 Bd7 13.Rae1 Be8 14.Bg1 Qc8 15.Bb5 Bd6
16.f5 exf5 17.dxc5 bxc5 18.Nxd5 Ne4 19.Qd3 Kh8 20.c3 Rb8 21.a4 Na5 22.Bxe8 Qxe8
23.Ng5 c4 24.Qc2 Qc6 25.Rxe4 Qxd5 26.Rd4 Qe5 27.Rh4  1-0

[Event "ch-PriFO A"]
[Site "Tolyatti RUS"]
[Date "2011.03.18"]
[Round "9.2"]
[White "Shaposhnikov,E"]
[Black "Mokshanov,A"]
[Result "0-1"]
[WhiteElo "2532"]
[BlackElo "2347"]

1.e4 e6 2.d4 d5 3.Nc3 Nf6 4.e5 Nfd7 5.f4 c5 6.Nf3 Nc6 7.Be3 Be7 8.Be2 O-O
9.O-O b6 10.Kh1 f6 11.exf6 Nxf6 12.Bb5 Qc7 13.Qe2 a6 14.Bxc6 Qxc6 15.Rae1 a5
16.Ne5 Qe8 17.Qf3 Ba6 18.Rg1 Bd6 19.Bf2 Nd7 20.Qg3 Nxe5 21.fxe5 Be7 22.Be3 Qh5
23.Na4 Be2 24.Bf2 cxd4 25.Nxb6 Rad8 26.Bxd4 Bh4 27.Qh3 Bg4 28.Qc3 Rf3 29.Qc7 Rdf8  0-1

[Event "ch-VIE Women"]
[Site "Da Lat VIE"]
[Date "2011.03.20"]
[Round "1.8"]
[White "Tran Le Dan Thuy"]
[Black "Pham Thi Ngoc Tu"]
[Result "1-0"]
[WhiteElo "1730"]
[BlackElo "2106"]

1.e4 e6 2.d4 d5 3.Nc3 Nf6 4.e5 Nfd7 5.Be3 c5 6.f4 cxd4 7.Bxd4 Nc6 8.Bf2 Bb4
9.Nf3 a6 10.Bd3 Qa5 11.Qd2 Nc5 12.a3 Nxd3+ 13.cxd3 Bxc3 14.bxc3 O-O 15.O-O f5
16.d4 b5 17.Be3 Bd7 18.Qe1 Qd8 19.Nh4 Na5 20.Rf3 Qe7 21.Rh3 Rfc8 22.Nf3 Ra7
23.Bf2 Be8 24.Bh4 Qd7 25.Rg3 Bg6 26.Bg5 Qf7 27.Nh4 Kf8 28.Nxg6+ hxg6 29.a4 Nc6
30.Rh3 Ke8 31.axb5 axb5 32.Rh8+ Kd7 33.Rxa7+ Nxa7 34.Qa1 Nc6 35.Qa6 Rc7 36.Qxb5 Ra7
37.Rd8+ Kc7 38.Rd6 Ra1+ 39.Kf2 Qe8 40.Bd8+ Kc8 41.Rxc6+ Kxd8 42.Rc8+  1-0

[Event "Bocharov Memorial"]
[Site "Borisoglebsk RUS"]
[Date "2011.03.31"]
[Round "1"]
[White "Chuprikov,D"]
[Black "Mezgo,V"]
[Result "1-0"]
[WhiteElo "2406"]
[BlackElo "1745"]

1.d4 e6 2.e4 d5 3.Nc3 Nf6 4.e5 Nfd7 5.f4 c5 6.Nf3 Nc6 7.Be3 Be7 8.Qd2 cxd4
9.Nxd4 Nxd4 10.Bxd4 a6 11.O-O-O Qa5 12.Kb1 Nc5 13.h4 Bd7 14.h5 h6 15.Rh3 O-O-O
16.Nxd5 Qxd2 17.Nxe7+ Kb8 18.Rxd2 Ne4 19.Rd1 Bb5 20.Bxb5 Nf2 21.Ba4 Nxd1
22.c3 Rxd4 23.cxd4 Nf2 24.Rg3 Rd8 25.d5 exd5 26.Rxg7  1-0

[Event "Karposh Open"]
[Site "Skopje MKD"]
[Date "2011.04.03"]
[Round "2"]
[White "Videnova,I"]
[Black "Kosic,D"]
[Result "0-1"]
[WhiteElo "2304"]
[BlackElo "2466"]

1.e4 e6 2.d4 d5 3.Nc3 Nf6 4.e5 Nfd7 5.f4 c5 6.Nf3 Nc6 7.Be3 a6 8.Qd2 b5 9.a3 Bb7
10.Ne2 Rc8 11.Ng3 Be7 12.Rd1 O-O 13.c3 cxd4 14.Nxd4 Na5 15.Bd3 Nc4 16.Qe2 Nc5
17.Bb1 Nxe3 18.Qxe3 g6 19.O-O Rc7 20.f5 Bg5 21.Qf3 exf5 22.Ngxf5 gxf5 23.h4 Bxh4
24.Qh5 Qg5 25.Rxf5 Qxh5 26.Rxh5 f6 27.Rxh4 fxe5 28.Nf5 Kh8 29.Ne3 Rg7 30.Rh5 Nd7
31.Nxd5 Rfg8 32.Ne3 Bxg2 33.Nxg2 Rxg2+ 34.Kh1 Nf6 35.Rh6 Rf2 36.Rg1 Rxg1+
37.Kxg1 Rxb2 38.Rxf6 Rxb1+ 39.Kf2 a5 40.Rf5 Rb3 41.Rxe5 Rxc3 42.Rxb5 Rxa3
43.Rb7 Ra4 44.Ra7 h5 45.Kg3 Rg4+ 46.Kf3 Rg5 47.Kf4 Rb5 48.Kf3 Kg8 49.Kf4 Kf8
50.Kf3 Ke8 51.Ke3 Kd8 52.Kd4 Kc8 53.Kc4 Rf5 54.Rh7 Kb8 55.Kc3 Kc8 56.Kc4 a4
57.Kb4 Rf4+ 58.Kb5 h4 59.Kc6 Rc4+ 60.Kb5 Rg4 61.Kc6 Kd8 62.Kd6 Ke8 63.Ke6 Kf8
64.Kf5 Rb4 65.Kf6 Kg8 66.Rg7+ Kh8 67.Rc7 h3 68.Kg6 Rb6+ 69.Kg5 h2 70.Rc1 a3  0-1

[Event "Karposh Open"]
[Site "Skopje MKD"]
[Date "2011.04.03"]
[Round "3"]
[White "Dancevski,O"]
[Black "Harokopakis,G"]
[Result "1-0"]
[WhiteElo "2400"]
[BlackElo "1990"]

1.e4 e6 2.d4 d5 3.Nc3 Nf6 4.e5 Nfd7 5.f4 c5 6.Nf3 Nc6 7.Be3 cxd4 8.Nxd4 Bc5
9.Qd2 O-O 10.O-O-O a6 11.g3 Nxd4 12.Bxd4 b5 13.Ne2 Be7 14.Qe3 Rb8 15.Kb1 Qc7
16.Nc1 Nb6 17.Bd3 Nc4 18.Qf2 a5 19.Rhe1 b4 20.g4 Ba6 21.f5 Na3+ 22.bxa3 bxa3+
23.Nb3 Bxd3 24.Rxd3 a4 25.f6 Bb4 26.fxg7 Rfc8 27.Red1 Bc5 28.Bxc5 Qxc5 29.Qxc5 Rxc5
30.R1d2 Kxg7 31.Re2 Rc4 32.h3 Rf4 33.Re1 f6 34.exf6+ Kxf6 35.Rde3 Rb6 36.g5+  1-0

[Event "Karposh Open"]
[Site "Skopje MKD"]
[Date "2011.04.05"]
[Round "5"]
[White "Atanasov,Sa"]
[Black "Konstantinov,Aleksandar"]
[Result "0-1"]
[WhiteElo "1985"]
[BlackElo "1657"]

1.e4 e6 2.d4 d5 3.Nc3 Nf6 4.e5 Nfd7 5.f4 c5 6.Nf3 Nc6 7.Be3 a6 8.Be2 b5 9.Qd2 Qb6
10.Rd1 c4 11.O-O Ne7 12.Nh4 Ng6 13.Qe1 Nxh4 14.Qxh4 Be7 15.Qg3 g6 16.Rf2 Bb7
17.Qh3 O-O-O 18.Rb1 Qa5 19.Ra1 h5 20.Bd2 Qb6 21.a3 Rdg8 22.b3 Qxd4 23.Rd1 Qa7
24.b4 d4 25.Na2 Nb6 26.Bf3 Nd5 27.Kf1 Bd8 28.Be4 Bb6 29.Bc1 Rd8 30.Re2 Ne7
31.Qf3 Nf5 32.Ke1 Bxe4 33.Rxe4 Qb7 34.g3 Rd7 35.Bd2 Rhd8 36.Bc1 d3 37.c3 Rd5
38.Bd2 Qd7 39.Kf1 Ba7 40.Rde1 Qb7 41.h3 Qb6 42.Kg2 h4 43.g4 Ng3 44.Rd4 Rxd4
45.cxd4 Qb7 46.Nc3 Qxf3+ 47.Kxf3 Bxd4 48.Nd1 Kb7 49.g5 Rc8 50.Bc3 Ne2 51.Rxe2 dxe2
52.Kxe2 Bxc3 53.Nxc3 Rd8 54.Ne4  0-1

[Event "TCh-NED"]
[Site "Netherlands NED"]
[Date "2011.04.09"]
[Round "8.9"]
[White "Hachijan,A"]
[Black "Braun,Christi2"]
[Result "0-1"]
[WhiteElo "2159"]
[BlackElo "2373"]

1.e4 e6 2.d4 d5 3.Nc3 Nf6 4.e5 Nfd7 5.f4 c5 6.Nf3 Nc6 7.Be3 a6 8.Qd2 b5 9.a3 Qb6
10.Ne2 a5 11.g4 Be7 12.Ng3 Nxd4 13.Nxd4 cxd4 14.Bxd4 Bc5 15.c3 O-O 16.g5 Ba6
17.b4 axb4 18.axb4 Bxd4 19.Qxd4 Rfc8 20.Bd3 Qc6 21.Kd2 Nb6 22.Rhg1 Nc4+ 23.Kc2 Bb7
24.Ne2 Ra6 25.Rgd1 g6 26.Bxc4 dxc4 27.Kd2 Rca8 28.Rxa6 Qxa6 29.Qd7 Bf3 30.Ke3 Bxe2
31.Kxe2 Qa2+ 32.Rd2 Qb1 33.Qd4 Kg7 34.Rd1 Qf5 35.Qd2 Qh3 36.Ke1 Ra3 37.Rc1 Qf3
38.h4 Ra2  0-1

[Event "TCh-NED"]
[Site "Netherlands NED"]
[Date "2011.04.09"]
[Round "8.10"]
[White "Bolwerk,P"]
[Black "Paulet,I"]
[Result "0-1"]
[WhiteElo "2243"]
[BlackElo "2247"]

1.e4 e6 2.d4 d5 3.Nc3 Nf6 4.e5 Nfd7 5.f4 c5 6.Nf3 Nc6 7.Be3 a6 8.Qd2 b5 9.a3 Qb6
10.Nd1 c4 11.Be2 Be7 12.O-O a5 13.Bf2 O-O 14.Ne3 f6 15.c3 Bb7 16.f5 Nd8 17.Bh4 Nf7
18.Kh1 Rae8 19.exf6 Nxf6 20.Bxf6 Bxf6 21.Bd1 Nd6 22.Bc2 Ne4 23.Qd1 Bc8 24.Qb1 Qc6
25.a4 b4 26.cxb4 axb4 27.b3 c3 28.Bd3 Ba6 29.Bxa6 Qxa6 30.fxe6 Qxe6 31.Nc2 Be7
32.Qe1 Bd6 33.Qh4 Rf4 34.Qh3 Qf7 35.Rae1 Ng5 36.Qg3 Rxf3 37.Rxf3 Bxg3 38.Rxf7 Bxe1
39.Rf5 Re2 40.Nxb4 c2 41.Nxc2 Rxc2 42.Rxd5 Bb4 43.Kg1 Ne4 44.g3 Nd6 45.Re5 Kf7
46.a5 Ra2 47.a6 Rxa6 48.Kg2 Ra3 49.Re3 Nf5 50.Rd3 Ra2+ 51.Kh3 Rd2 52.Rf3 Ke6
53.g4 Nxd4 54.Re3+ Kd5 55.g5 Bd6 56.Kg4 Rxh2  0-1

[Event "TCh-HUN 2010-11"]
[Site "Budapest HUN"]
[Date "2011.04.10"]
[Round "8"]
[White "Domany,Z"]
[Black "Mokcsay,R"]
[Result "1-0"]
[WhiteElo "2192"]
[BlackElo "2312"]

1.e4 e6 2.d4 d5 3.Nc3 Nf6 4.e5 Nfd7 5.f4 c5 6.Nf3 Nc6 7.Be3 a6 8.Qd2 cxd4
9.Nxd4 Nxd4 10.Bxd4 Bc5 11.O-O-O Bxd4 12.Qxd4 Qb6 13.Qxb6 Nxb6 14.Rd4 f6
15.exf6 gxf6 16.f5 Ke7 17.Rb4 d4 18.Rxd4 exf5 19.Bd3 Re8 20.Re1+ Kf8 21.Rxe8+ Kxe8
22.Rb4 Nd7 23.Bxf5 b5 24.Nd5 Kf7 25.Rh4 Nf8 26.Nb6  1-0

[Event "TCh-SUI 2011"]
[Site "Switzerland SUI"]
[Date "2011.04.17"]
[Round "3.4"]
[White "Lamoureux,C"]
[Black "Moor,O"]
[Result "1-0"]
[WhiteElo "2342"]
[BlackElo "2411"]

1.e4 e6 2.d4 d5 3.Nc3 Nf6 4.e5 Nfd7 5.Nce2 c5 6.c3 cxd4 7.cxd4 Nc6 8.f4 f5
9.Nf3 Be7 10.h3 Nb6 11.Kf2 O-O 12.Nc3 Bd7 13.g4 Be8 14.Bd3 Rc8 15.Ne2 a5
16.Ng3 Qd7 17.gxf5 exf5 18.h4 a4 19.Kg2 a3 20.bxa3 Na5 21.Qe1 Nac4 22.Nxf5 Bxa3
23.Bxa3 Rxf5 24.e6 Qc7 25.Bxf5 Qxf4 26.Bc1 Qxf5 27.Rf1 Qg4+ 28.Qg3 Qxe6 29.Bf4 Bg6
30.Rae1 Be4 31.Kh2 h6 32.Rf2 Rf8 33.Rg1 Rf7 34.Ne5 Re7 35.Ng4 Kh7 36.Bxh6 Nd7
37.Bg5 Rf7 38.Re1 Nf8 39.Ref1 Rxf2+ 40.Rxf2 Ng6 41.h5 Ne7 42.Nf6+ gxf6 43.Rxf6 Qg8
44.Rh6+ Kg7 45.Bxe7+ Kf7 46.Rf6+  1-0

[Event "ch-BLR Junior"]
[Site "Minsk BLR"]
[Date "2011.04.19"]
[Round "5"]
[White "Ziaziulkina,N"]
[Black "Harshkou,M"]
[Result "0-1"]
[WhiteElo "2289"]
[BlackElo "2232"]

1.e4 e6 2.d4 d5 3.Nc3 Nf6 4.e5 Nfd7 5.f4 c5 6.Nf3 Nc6 7.Be3 a6 8.Qd2 b5 9.a3 Qb6
10.Ne2 Bb7 11.dxc5 Bxc5 12.Ned4 g5 13.g3 g4 14.b4 gxf3 15.bxc5 Nxc5 16.Bd3 O-O-O
17.Nxc6 Qxc6 18.Bd4 Ne4 19.Qe3 f2+ 20.Ke2 h5 21.Kf3 Rhf8 22.Rhb1 f6 23.exf6 Nxf6
24.a4 Ng4 25.axb5 axb5 26.Qd2 e5 27.Bxb5 f1=Q+ 28.Bxf1 exd4 29.Bd3 Qc3 30.Qd1 Nxh2+
31.Kg2 Ng4 32.Kg1 Rd6 33.Ra7 Rf7 34.Qe2 Qc6 35.Bb5 d3 36.Bxd3 Re6 37.Qd1 Qc5+  0-1

[Event "ch-BLR Junior"]
[Site "Minsk BLR"]
[Date "2011.04.20"]
[Round "6"]
[White "Bulanov,D"]
[Black "Ziaziulkina,N"]
[Result "1-0"]
[WhiteElo "2359"]
[BlackElo "2289"]

1.e4 e6 2.d4 d5 3.Nc3 Nf6 4.e5 Nfd7 5.Nce2 c5 6.c3 cxd4 7.cxd4 f6 8.exf6 Nxf6
9.Nf3 Nc6 10.Nc3 Bd6 11.Bd3 O-O 12.O-O Qb6 13.Bg5 Bd7 14.Qd2 Rae8 15.Rae1 Re7
16.Bh4 Be8 17.h3 Bd7 18.a3 Kh8 19.Bb1 Na5 20.Qc2 Qb3 21.Qxb3 Nxb3 22.Rd1 Rc8
23.Rd3 Na5 24.Ne5 Nc4 25.Nxc4 Rxc4 26.Re1 Kg8 27.Ba2 Rc8 28.Bg3 Bxg3 29.Rxg3 Ree8
30.Rge3 Kf7 31.Rd1 Rc7 32.Bb1 Bc6 33.Rde1 Rce7 34.Bd3 a6 35.f4 g6 36.Kf2 Bd7
37.g4 Bc6 38.Kg3 Rd7 39.Kf2 Rde7 40.Bf1 Rd7 41.Bg2 Rde7 42.Bf3 Rc7 43.g5  1-0

[Event "Joao Braga Open"]
[Site "Sao Paolo BRA"]
[Date "2011.04.20"]
[Round "1.38"]
[White "Bispo,L"]
[Black "Nunes,Ag"]
[Result "1-0"]
[WhiteElo "2184"]
[BlackElo "1652"]

1.e4 e6 2.d4 d5 3.Nc3 Nf6 4.e5 Nfd7 5.f4 c5 6.Nf3 Qb6 7.Ne2 Nc6 8.c3 cxd4
9.cxd4 Bb4+ 10.Bd2 Bxd2+ 11.Qxd2 Qb4 12.Nc3 Nb6 13.Nb5 Qxd2+ 14.Kxd2 O-O
15.Nd6 Nd8 16.Bd3 Bd7 17.Ng5 h6 18.Nh7 Nc6 19.Nxf8 Kxf8 20.Rhc1 Nxd4 21.Rc7 Ke7
22.Rxb7 Nc6 23.Rc1 Nb4 24.Bb5 Rd8 25.a3  1-0

[Event "Oberhausen Easter Open"]
[Site "Oberhausen GER"]
[Date "2011.04.21"]
[Round "1.9"]
[White "Kummerow,H"]
[Black "Westendorp,Christian"]
[Result "1-0"]
[WhiteElo "2321"]
[BlackElo "1777"]

1.e4 e6 2.d4 d5 3.Nc3 Nf6 4.e5 Nfd7 5.Nf3 c5 6.dxc5 Bxc5 7.Bd3 Nc6 8.Bf4 a6
9.O-O Nb6 10.Re1 Bd7 11.a3 Rc8 12.Ng5 g6 13.Qg4 Ne7 14.h4 h5 15.Qg3 Bd4 16.Nd1 Na4
17.Nxf7 Kxf7 18.Bg5 Qb6 19.Bxe7 Kxe7 20.Qg5+ Kf8 21.Bxg6 Be8 22.c3 Bc5 23.Qf4+ Kg8
24.Bxe8 Rxe8 25.Qxa4 Rf8 26.Re2 Rh7 27.Qc2 Rf5 28.b4 Be7 29.Ne3 Rxe5 30.Nc4  1-0